The Velvet Underground: Albums by Cover - Statistics

General Stats
  • This quiz has been taken 6 times
  • The average score is 4 of 5
Answer Stats
Picture Hint Answer % Correct
1969 The Velvet Underground
100%
1967 The Velvet Underground & Nico
100%
1968 White Light/White Heat
80%
1970 Loaded
60%
1973 Squeeze
20%
No matching quizzes found
Score Distribution
Percent of People with Each Score
Percentile by Number Answered
Your Score History
You have not taken this quiz